000 00219 a2200097 4500
001 42905
100 _aBatlvi Ashaque Hussain
245 _aThe terrorist
260 _aLondon
_bErnest benn ltd
_c
090 _c26791
_d26791
942 _aNUST-CAE
_cM
_c18659
999 _c277978
_d277978